[Event "Las Americas Team op U2400 Hybrid"]
[Site "Internet"]
[Date "2022.05.14"]
[Round "1.10"]
[White "Laurrabaquio Ramirez, Bryan Rica"]
[Black "Olea Valle, Scarlett Daniela"]
[Result "0-1"]
[WhiteElo "1546"]
[BlackElo "1519"]
[PlyCount "108"]
[EventDate "2022.05.14"]
[EventType "team-swiss"]
[EventRounds "5"]
[EventCountry "VEN"]
[SourceTitle "EXT 2023"]
[Source "ChessBase"]
[SourceDate "2022.10.05"]
[SourceVersion "1"]
[SourceVersionDate "2022.10.05"]
[SourceQuality "1"]

1. c4 c5 2. Nf3 Nf6 3. g3 g6 4. Bg2 Bg7 5. 0-0 0-0 6. d4 cxd4 7. Nxd4 Nc6 8. Nc3 a6 9. e4 Nxe4 10. Nxc6 Nxc3 11. Nxe7+ Qxe7 12. bxc3 Bxc3 13. Rb1 d6 14. Bf4 Be5 15. Re1 Qc7 16. Bh6 Rd8 17. Bd5 Rb8 18. f4 Bf6 19. Qf3 b6 20. Re2 Bd4+ 21. Kh1 Bb7 22. Rbe1 Bxd5 23. Qxd5 Bf6 24. Qe4 Qd7 25. g4 Bg7 26. g5 Rf8 27. Re3 Qb7 28. Qxb7 Rxb7 29. Rh3 f6 30. Re6 fxg5 31. Bxg5 Rd7 32. Ree3 Bd4 33. Ra3 a5 34. Rh4 Bf6 35. Rb3 Bxg5 36. fxg5 Rb8 37. Rd4 Rbb7 38. Rbd3 Kf7 39. Rxd6 Rxd6 40. Rxd6 Rc7 41. Rxb6 Rxc4 42. Rb7+ Ke6 43. Rxh7 Kf5 44. h4 Kg4 45. Kg2 Rc2+ 46. Kf1 Rxa2 47. Rh6 Kf5 48. Ke1 a4 49. Kd1 a3 50. h5 Rg2 51. Rxg6 a2 52. Ra6 a1Q+ 53. Rxa1 Rg1+ 54. Ke2 Rxa1 0-1

[Event "Pan American-ch U12"]
[Site "San Jose"]
[Date "2017.07.02"]
[Round "2"]
[White "Laurrabaquio Ramirez, Bryan Rica"]
[Black "England, Max"]
[Result "1/2-1/2"]
[WhiteElo "1455"]
[BlackElo "1727"]
[PlyCount "43"]
[EventDate "2017.07.01"]
[EventType "swiss"]
[EventRounds "9"]
[EventCountry "CRI"]
[SourceTitle "EXT 2022"]
[Source "ChessBase"]
[SourceDate "2021.10.06"]
[SourceVersion "1"]
[SourceVersionDate "2021.10.06"]
[SourceQuality "1"]

1. e4 e5 2. Nf3 Nc6 3. Bc4 Bc5 4. c3 Nf6 5. d4 exd4 6. cxd4 Bb4+ 7. Bd2 Bxd2+ 8. Nbxd2 d5 9. exd5 Nxd5 10. 0-0 0-0 11. Re1 Nb6 12. Bb3 Nxd4 13. Nxd4 Qxd4 14. Nf3 Qxd1 15. Raxd1 Bg4 16. Re7 Bxf3 17. gxf3 Rac8 18. Rc1 Na8 19. Rd1 Nb6 20. Rc1 Na8 21. Rd1 Nb6 22. Rc1 1/2-1/2

[Event "Windsor NAYCC U12"]
[Site "Windsor"]
[Date "2016.08.10"]
[Round "6.102"]
[White "Butchart, Kevin"]
[Black "Laurrabaquio Ramirez, Bryan Rica"]
[Result "1/2-1/2"]
[WhiteElo "1083"]
[BlackElo "1480"]
[PlyCount "95"]
[EventDate "2016.08.07"]
[EventType "swiss"]
[EventRounds "9"]
[EventCountry "CAN"]
[SourceTitle "EXT 2022"]
[Source "ChessBase"]
[SourceDate "2021.10.06"]
[SourceVersion "1"]
[SourceVersionDate "2021.10.06"]
[SourceQuality "1"]

1. e4 c5 2. c4 Nc6 3. Nf3 d6 4. d4 Bg4 5. dxc5 dxc5 6. Be2 Qxd1+ 7. Bxd1 0-0-0 8. Nc3 Bxf3 9. Bxf3 Nd4 10. Bg4+ e6 11. 0-0 Nf6 12. Bd1 Nd7 13. b3 f5 14. Be3 Nf6 15. exf5 Nxf5 16. Bf4 Bd6 17. Bxd6 Nxd6 18. Bf3 e5 19. Rfe1 Rhe8 20. Bd5 Nxd5 21. Nxd5 b5 22. Rec1 Nf5 23. g4 Nd4 24. Kf1 Nf3 25. Kg2 Nd2 26. Ne3 b4 27. Nd5 Ne4 28. f3 Nf6 29. Rd1 Nxd5 30. Rxd5 Rxd5 31. cxd5 e4 32. Rc1 e3 33. Rxc5+ Kd7 34. Rc1 Kd6 35. Kf1 Re7 36. Ke2 Kxd5 37. Rc4 a5 38. f4 Re4 39. Rc7 Rxf4 40. Rxg7 Rf2+ 41. Kxe3 Rxh2 42. Rg5+ Kc6 43. Rxa5 Kb6 44. Ra4 Kb5 45. Kf4 h6 46. Kg3 Rh1 47. Ra8 Rg1+ 48. Kh4 1/2-1/2

[Event "Windsor NAYCC U12"]
[Site "Windsor"]
[Date "2016.08.10"]
[Round "7.107"]
[White "Laurrabaquio Ramirez, Bryan Rica"]
[Black "Omichi, Haruaki"]
[Result "0-1"]
[WhiteElo "1480"]
[BlackElo "1071"]
[PlyCount "68"]
[EventDate "2016.08.07"]
[EventType "swiss"]
[EventRounds "9"]
[EventCountry "CAN"]
[SourceTitle "EXT 2022"]
[Source "ChessBase"]
[SourceDate "2021.10.06"]
[SourceVersion "1"]
[SourceVersionDate "2021.10.06"]
[SourceQuality "1"]

1. e4 c5 2. f4 Nc6 3. Nf3 g6 4. Bc4 Bg7 5. Nc3 e6 6. d3 Nge7 7. Bd2 d5 8. Bb5 0-0 9. Bxc6 Nxc6 10. h4 d4 11. Ne2 e5 12. c3 f5 13. fxe5 fxe4 14. dxe4 Nxe5 15. cxd4 Nxf3+ 16. gxf3 cxd4 17. Bg5 Qb6 18. Be7 Rxf3 19. Nxd4 Rf7 20. Bg5 Qxd4 21. Qc2 Qxb2 22. Qxb2 Bxb2 23. Rd1 Bc3+ 24. Ke2 Bg4+ 25. Ke3 Bxd1 26. Rxd1 Raf8 27. Kd3 Rd7+ 28. Ke2 Rxd1 29. Kxd1 Re8 30. Kc2 Bb4 31. Kd3 Kf7 32. Kd4 Rc8 33. e5 Be7 34. Be3 Bc5+ 0-1

[Event "Windsor NAYCC U12"]
[Site "Windsor"]
[Date "2016.08.09"]
[Round "4.103"]
[White "Damarla, Rishi"]
[Black "Laurrabaquio Ramirez, Bryan Rica"]
[Result "1-0"]
[WhiteElo "1065"]
[BlackElo "1480"]
[PlyCount "93"]
[EventDate "2016.08.07"]
[EventType "swiss"]
[EventRounds "9"]
[EventCountry "CAN"]
[SourceTitle "EXT 2022"]
[Source "ChessBase"]
[SourceDate "2021.10.06"]
[SourceVersion "1"]
[SourceVersionDate "2021.10.06"]
[SourceQuality "1"]

1. e4 g6 2. Nf3 Bg7 3. Be2 e6 4. 0-0 Ne7 5. Nc3 0-0 6. d3 Re8 7. Be3 Nbc6 8. Qd2 d5 9. exd5 exd5 10. d4 Nf5 11. Rad1 Nxe3 12. fxe3 Bg4 13. h3 Bxf3 14. Bxf3 Qg5 15. Rfe1 Rad8 16. Qf2 Bh6 17. e4 dxe4 18. Nxe4 Qf5 19. c3 Qc8 20. Nf6+ Kf8 21. Rxe8+ Rxe8 22. Nxe8 Kxe8 23. Bxc6+ bxc6 24. Re1+ Kf8 25. Qh4 Kg7 26. Qe4 Qd7 27. Qe5+ Kg8 28. Qe8+ Qxe8 29. Rxe8+ Kg7 30. Re7 Bf4 31. Kf2 Kf6 32. Re8 Bc1 33. Ra8 Bxb2 34. Rxa7 Bxc3 35. Ke3 c5 36. dxc5 Be5 37. a4 Ke6 38. a5 Kd5 39. Kd3 Kxc5 40. a6 Kb6 41. Ra8 h5 42. a7 Kb7 43. Re8 Kxa7 44. Rxe5 Kb6 45. Kc4 Kc6 46. Re7 Kd6 47. Rxf7 1-0